000 00479nam a2200205Ia 4500
001 17429
003 GE_BSU
008 181216s||||||||xx |||||||||||||| ||und||
020 _a9780194620086
040 _cGE_BSU
100 _aGairns,Ruth ; Redman,Stuart
245 _aOxford word skills Advanced
260 _aOxford
260 _bOxford University Press
260 _c2009
300 _a256p.
541 _h10 GEL.
653 _aOxford word skills Advanced
942 _cBK
999 _c50481
_d50481